Tvorba strategie a strategické plánování /

Guardado en:
Detalles Bibliográficos
Autor principal: Fotr, Jiří (Autor)
Otros Autores: et al
Formato: Libro
Lenguaje:checo
Publicado: Praha Grada 2020
Edición:2., aktual. a dopl. vyd.
Materias:
Etiquetas: Agregar Etiqueta
Sin Etiquetas, Sea el primero en etiquetar este registro!

MARC

LEADER 00000nam a22000003a 4500
001 0098682
003 SK-STU
005 20221129075506.9
007 ta
008 221129s ----xo-----e------000-0-----d
020 |a 978-80-271-2499-2 
040 |a STU  |b slo 
041 0 |a cze 
044 |a xr 
100 1 |a Fotr, Jiří  |4 aut 
245 1 0 |a Tvorba strategie a strategické plánování /  |c aut. Jiří Fotr, et al 
250 |a 2., aktual. a dopl. vyd. 
260 |a Praha  |b Grada  |c 2020 
300 |a 414 s. 
650 0 7 |a strategický manažment 
650 0 7 |a strategické plánovanie 
700 1 |a et al. 
996 |b 284M089171  |c M* 14662-1  |l MMST  |s A  |a 24  |w 0098682_0001